Ancient near eastern history as a subject of scholary investigation: A review essay
| Main Author: | |
|---|---|
| Format: | Print Article |
| Language: | English |
| Check availability: | HBZ Gateway |
| Interlibrary Loan: | Interlibrary Loan for the Fachinformationsdienste (Specialized Information Services in Germany) |
| Published: |
2006
|
| In: |
Ancient Near Eastern studies
Year: 2006, Volume: 43, Pages: 265-274 |
| IxTheo Classification: | BC Ancient Orient; religion |
| Further subjects: | B
Ancient Orient
B Historical studies |
MARC
| LEADER | 00000naa a22000002c 4500 | ||
|---|---|---|---|
| 001 | 1650427875 | ||
| 003 | DE-627 | ||
| 005 | 20190311211846.0 | ||
| 007 | tu | ||
| 008 | 190311s2006 xx ||||| 00| ||eng c | ||
| 035 | |a (DE-627)1650427875 | ||
| 035 | |a (DE-576)519497597 | ||
| 035 | |a (DE-599)BSZ519497597 | ||
| 040 | |a DE-627 |b ger |c DE-627 |e rakwb | ||
| 041 | |a eng | ||
| 084 | |a 1 |2 ssgn | ||
| 100 | 1 | |a Bunnens, Guy |4 aut | |
| 245 | 1 | 0 | |a Ancient near eastern history as a subject of scholary investigation: A review essay |
| 264 | 1 | |c 2006 | |
| 336 | |a Text |b txt |2 rdacontent | ||
| 337 | |a ohne Hilfsmittel zu benutzen |b n |2 rdamedia | ||
| 338 | |a Band |b nc |2 rdacarrier | ||
| 601 | |a Historie | ||
| 650 | 0 | 7 | |0 (DE-588)4020535-6 |0 (DE-627)106317679 |0 (DE-576)208933794 |a Geschichtswissenschaft |2 gnd |
| 651 | 7 | |0 (DE-588)4001451-4 |0 (DE-627)106397052 |0 (DE-576)208842934 |a Alter Orient |2 gnd | |
| 652 | |a BC | ||
| 773 | 0 | 8 | |i In |t Ancient Near Eastern studies |d Louvain : Peeters, 1999 |g 43(2006), Seite 265-274 |w (DE-627)318678659 |w (DE-600)2018372-0 |w (DE-576)091018102 |x 1378-4641 |7 nnas |
| 773 | 1 | 8 | |g volume:43 |g year:2006 |g pages:265-274 |
| 935 | |a BIIN | ||
| 951 | |a AR | ||
| BIB | |a 1 | ||
| ELC | |b 1 | ||
| ITA | |a 1 |t 1 | ||
| LOK | |0 000 xxxxxcx a22 zn 4500 | ||
| LOK | |0 001 333689669X | ||
| LOK | |0 003 DE-627 | ||
| LOK | |0 004 1650427875 | ||
| LOK | |0 005 20190311211846 | ||
| LOK | |0 008 190311||||||||||||||||ger||||||| | ||
| LOK | |0 035 |a (DE-Tue135-1)169479 | ||
| LOK | |0 040 |a DE-Tue135-1 |c DE-627 |d DE-Tue135-1 | ||
| LOK | |0 852 |a DE-Tue135-1 | ||
| LOK | |0 852 1 |c FTHAT097744/43/BSG |m p |9 00 | ||
| LOK | |0 852 2 |b Z 4/5 |9 00 | ||
| LOK | |0 935 |a iZSA | ||
| LOK | |0 936ln |0 1442043377 |a BC | ||
| LOK | |0 938 |k p | ||
| LOK | |0 939 |a 11-03-19 |b l12 | ||
| ORI | |a SA-MARC-ixtheoa001.raw | ||
| REL | |a 1 | ||
| STA | 0 | 0 | |a Ancient Orient,Historical studies,Historical science,History,History |
| STB | 0 | 0 | |a Histoire,Science historique,Science historique,Histoire |
| STC | 0 | 0 | |a Ciencias históricas,Historia |
| STD | 0 | 0 | |a Storia <disciplina>,Scienze storiche,Scienze storiche |
| STE | 0 | 0 | |a 史学史,史学 |
| STF | 0 | 0 | |a 史學史,史學 |
| STG | 0 | 0 | |a Ciências históricas |
| STH | 0 | 0 | |a Историческая наука |
| STI | 0 | 0 | |a Επιστήμη της ιστορίας |
| SUB | |a BIB |a REL | ||
| SYE | 0 | 0 | |a Geschichtsforschung,Geschichte |
| SYF | 0 | 0 | |a Orient,Vorderasien,Orient |